000
00321nam a2200133Ia 4500
005
20260326235438.0
008
260326s9999||||xx |||||||||||||| ||und||
100
_a
Cable, Mary
245
0
_a
Lost New Orleans /
_c
Mary Cable
260
_b
Samuel Wilson
300
_a
235 p.
650
_a
ARQUITECTURA REGIONAL
942
_c
BK
999
_c
7294
_d
7294